[Event "Rapid 2018"]
[Site "Saint-Petersburg"]
[Date "2018.12.28"]
[Round "15"]
[Board "51"]
[White "Vitiugov Nikita (RUS)"]
[Black "Drygalov Andrey (RUS)"]
[Result "1/2-1/2"]
[LiveChessVersion "1.4.8"]
[BlackElo "2491"]
[WhiteElo "2632"]

1. e4 {[%clk 0:15:10]} c5 {[%clk 0:15:11]} 2. Nf3 {[%clk 0:15:25]} d6
{[%clk 0:15:15]} 3. d4 {[%clk 0:15:25]} cxd4 {[%clk 0:15:24]} 4. Nxd4
{[%clk 0:15:33]} Nf6 {[%clk 0:15:32]} 5. Nc3 {[%clk 0:15:41]} a6 {[%clk 0:15:37]}
6. Nb3 {[%clk 0:15:47]} g6 {[%clk 0:15:45]} 7. Be2 {[%clk 0:15:49]} Bg7
{[%clk 0:15:54]} 8. Be3 {[%clk 0:15:51]} Nbd7 {[%clk 0:15:15]} 9. a4
{[%clk 0:15:44]} b6 {[%clk 0:14:42]} 10. Qd2 {[%clk 0:15:52]} Bb7
{[%clk 0:14:46]} 11. f3 {[%clk 0:16:00]} Rc8 {[%clk 0:14:35]} 12. Bh6
{[%clk 0:15:50]} Bxh6 {[%clk 0:14:08]} 13. Qxh6 {[%clk 0:15:58]} Nc5
{[%clk 0:13:13]} 14. Nd2 {[%clk 0:15:46]} Ne6 {[%clk 0:12:55]} 15. Bd3
{[%clk 0:15:36]} d5 {[%clk 0:11:31]} 16. e5 {[%clk 0:14:50]} Nd7 {[%clk 0:11:40]}
17. f4 {[%clk 0:14:47]} Ndc5 {[%clk 0:11:47]} 18. O-O {[%clk 0:14:32]} Nxd3
{[%clk 0:11:44]} 19. cxd3 {[%clk 0:14:40]} b5 {[%clk 0:11:43]} 20. axb5
{[%clk 0:14:34]} axb5 {[%clk 0:11:32]} 21. f5 {[%clk 0:13:53]} gxf5
{[%clk 0:11:19]} 22. Rxf5 {[%clk 0:13:53]} Qb6+ {[%clk 0:09:36]} 23. Kh1
{[%clk 0:13:58]} Qd4 {[%clk 0:07:43]} 24. Rxf7 {[%clk 0:09:41]} Kxf7
{[%clk 0:06:33]} 25. Rf1+ {[%clk 0:09:48]} Ke8 {[%clk 0:06:36]} 26. Qxe6
{[%clk 0:09:55]} Qxd3 {[%clk 0:05:45]} 27. Qb6 {[%clk 0:09:23]} Bc6
{[%clk 0:05:11]} 28. Qa6 {[%clk 0:08:18]} Kd8 {[%clk 0:04:44]} 29. Qb6+
{[%clk 0:08:15]} Ke8 {[%clk 0:04:53]} 30. Qa6 {[%clk 0:08:11]} Kd8
{[%clk 0:04:30]} 31. Qb6+ {[%clk 0:08:17]} Ke8 {[%clk 0:04:38]} 1/2-1/2

[Event "Rapid 2018"]
[Site "Saint-Petersburg"]
[Date "2018.12.28"]
[Round "15"]
[Board "52"]
[White "Salgado Lopez Ivan (ESP)"]
[Black "Vastrukhin Oleg (RUS)"]
[Result "1/2-1/2"]
[LiveChessVersion "1.4.8"]
[BlackElo "2495"]
[WhiteElo "2618"]

1. e4 {[%clk 0:15:18]} e6 {[%clk 0:15:19]} 2. d4 {[%clk 0:15:25]} d5
{[%clk 0:15:28]} 3. Nc3 {[%clk 0:15:33]} Bb4 {[%clk 0:15:36]} 4. Nge2
{[%clk 0:15:42]} dxe4 {[%clk 0:15:25]} 5. a3 {[%clk 0:15:50]} Bxc3+
{[%clk 0:15:32]} 6. Nxc3 {[%clk 0:15:59]} Nc6 {[%clk 0:15:41]} 7. Bf4
{[%clk 0:16:07]} Nge7 {[%clk 0:15:10]} 8. Nxe4 {[%clk 0:15:48]} O-O
{[%clk 0:14:16]} 9. Bd3 {[%clk 0:10:51]} Ng6 {[%clk 0:13:45]} 10. Qh5
{[%clk 0:10:11]} Qd5 {[%clk 0:12:25]} 11. Ng3 {[%clk 0:06:50]} Qxh5
{[%clk 0:07:59]} 12. Nxh5 {[%clk 0:06:58]} Nxf4 {[%clk 0:08:08]} 13. Nxf4
{[%clk 0:07:06]} Nxd4 {[%clk 0:08:16]} 14. O-O-O {[%clk 0:07:13]} e5
{[%clk 0:08:11]} 15. Nd5 {[%clk 0:06:32]} c6 {[%clk 0:08:01]} 16. Ne7+
{[%clk 0:06:34]} Kh8 {[%clk 0:08:10]} 17. Rhe1 {[%clk 0:06:03]} f6
{[%clk 0:07:03]} 18. Nxc8 Raxc8 {[%clk 0:07:12]} 19. f4 {[%clk 0:06:10]} Rce8
{[%clk 0:07:13]} 20. Bc4 {[%clk 0:05:58]} b5 {[%clk 0:05:52]} 21. Ba2
{[%clk 0:06:06]} a5 {[%clk 0:05:07]} 22. Re4 {[%clk 0:04:34]} Nf5
{[%clk 0:05:04]} 23. fxe5 {[%clk 0:03:37]} Rxe5 {[%clk 0:04:00]} 24. Rxe5
{[%clk 0:03:45]} fxe5 {[%clk 0:04:10]} 25. Rf1 {[%clk 0:03:53]} Rf6
{[%clk 0:03:29]} 26. Re1 {[%clk 0:04:01]} Nh4 {[%clk 0:02:51]} 27. Rxe5
{[%clk 0:04:01]} g6 {[%clk 0:02:59]} 28. Re2 {[%clk 0:02:24]} Rf1+
{[%clk 0:02:31]} 29. Kd2 {[%clk 0:02:32]} Rh1 {[%clk 0:02:50]} 30. Be6
{[%clk 0:02:27]} Rxh2 {[%clk 0:02:28]} 31. Bd7 {[%clk 0:02:34]} c5
{[%clk 0:02:22]} 32. Bc6 {[%clk 0:02:06]} b4 {[%clk 0:01:53]} 33. Kd3
{[%clk 0:01:52]} Nf5 {[%clk 0:01:44]} 34. Re5 {[%clk 0:01:20]} Nh4
{[%clk 0:00:40]} 35. Rxc5 {[%clk 0:01:03]} bxa3 {[%clk 0:00:32]} 36. bxa3
{[%clk 0:01:05]} Nxg2 {[%clk 0:00:41]} 37. c4 {[%clk 0:00:50]} Ne1+
{[%clk 0:00:38]} 38. Kc3 {[%clk 0:00:55]} Rh3+ {[%clk 0:00:44]} 39. Kd2
{[%clk 0:00:48]} Nf3+ {[%clk 0:00:35]} 40. Bxf3 {[%clk 0:00:52]} Rxf3
{[%clk 0:00:44]} 41. Rxa5 {[%clk 0:01:01]} h5 {[%clk 0:00:47]} 42. c5
{[%clk 0:00:41]} Rf5 {[%clk 0:00:52]} 43. Ra8+ {[%clk 0:00:41]} Kg7
{[%clk 0:01:02]} 44. c6 {[%clk 0:00:49]} Rc5 {[%clk 0:01:11]} 45. Rc8
{[%clk 0:00:58]} h4 {[%clk 0:01:18]} 46. Ke2 {[%clk 0:00:57]} h3 {[%clk 0:01:22]}
47. Kf2 {[%clk 0:00:53]} Rc2+ {[%clk 0:01:28]} 48. Kg1 {[%clk 0:01:01]} g5
{[%clk 0:01:33]} 49. Rd8 {[%clk 0:00:28]} Rxc6 {[%clk 0:01:36]} 50. Kh2
{[%clk 0:00:36]} g4 {[%clk 0:01:43]} 51. Rd4 {[%clk 0:00:44]} Rc2+
{[%clk 0:01:50]} 52. Kh1 {[%clk 0:00:50]} Rg2 {[%clk 0:01:58]} 53. a4
{[%clk 0:00:56]} Kf6 {[%clk 0:01:59]} 54. a5 {[%clk 0:01:00]} g3 {[%clk 0:01:34]}
55. Rh4 {[%clk 0:01:04]} Rh2+ {[%clk 0:01:36]} 56. Kg1 {[%clk 0:01:12]} Kg5
{[%clk 0:01:44]} 57. Rh8 {[%clk 0:01:13]} Kf4 {[%clk 0:00:52]} 58. Rf8+
{[%clk 0:01:07]} Ke4 {[%clk 0:00:56]} 59. Re8+ {[%clk 0:01:15]} Kd5
{[%clk 0:00:59]} 60. Rg8 {[%clk 0:01:17]} Rg2+ {[%clk 0:01:07]} 61. Kh1
{[%clk 0:01:25]} Kc6 {[%clk 0:00:50]} 62. a6 {[%clk 0:00:59]} Kb6
{[%clk 0:00:56]} 63. Rg6+ {[%clk 0:01:03]} Ka7 {[%clk 0:01:05]} 64. Rh6
{[%clk 0:01:10]} Rh2+ {[%clk 0:00:30]} 65. Kg1 {[%clk 0:01:18]} Rg2+
{[%clk 0:00:19]} 66. Kh1 {[%clk 0:01:27]} Ra2 {[%clk 0:00:25]} 67. Rxh3
{[%clk 0:01:30]} Rh2+ {[%clk 0:00:33]} 68. Rxh2 {[%clk 0:01:38]} gxh2
{[%clk 0:00:42]} 69. Kxh2 {[%clk 0:01:47]} Kxa6 {[%clk 0:00:51]} 1/2-1/2

[Event "Rapid 2018"]
[Site "Saint-Petersburg"]
[Date "2018.12.28"]
[Round "15"]
[Board "53"]
[White "Roiz Michael (ISR)"]
[Black "Bilguun Sumiya (MGL)"]
[Result "1/2-1/2"]
[LiveChessVersion "1.4.8"]
[BlackElo "2415"]
[WhiteElo "2611"]

1. Nf3 {[%clk 0:15:17]} d5 {[%clk 0:15:18]} 2. d4 {[%clk 0:15:23]} e6
{[%clk 0:15:27]} 3. g3 {[%clk 0:15:18]} c5 {[%clk 0:15:19]} 4. Bg2
{[%clk 0:15:25]} cxd4 {[%clk 0:15:24]} 5. O-O {[%clk 0:15:19]} Nf6
{[%clk 0:15:30]} 6. Nxd4 {[%clk 0:15:22]} Be7 {[%clk 0:15:32]} 7. c4
{[%clk 0:15:14]} O-O {[%clk 0:15:15]} 8. cxd5 {[%clk 0:15:15]} exd5
{[%clk 0:15:13]} 9. Nc3 {[%clk 0:13:54]} Nc6 {[%clk 0:14:44]} 10. b3
{[%clk 0:13:50]} a6 {[%clk 0:12:10]} 11. Bb2 {[%clk 0:13:55]} Bc5
{[%clk 0:12:16]} 12. Nxc6 {[%clk 0:13:29]} bxc6 {[%clk 0:12:24]} 13. Rc1
{[%clk 0:13:35]} Bd6 {[%clk 0:11:14]} 14. e4 {[%clk 0:11:18]} Bg4
{[%clk 0:09:53]} 15. Qd2 {[%clk 0:09:58]} Bb4 {[%clk 0:09:49]} 16. a3
{[%clk 0:08:21]} Bxc3 {[%clk 0:09:56]} 17. Qxc3 {[%clk 0:08:31]} Rc8
{[%clk 0:10:05]} 18. exd5 {[%clk 0:07:23]} cxd5 {[%clk 0:09:58]} 19. Qd3
{[%clk 0:06:54]} Qd6 {[%clk 0:09:33]} 20. b4 {[%clk 0:06:37]} Be6
{[%clk 0:09:26]} 21. Rfd1 {[%clk 0:05:37]} Bg4 {[%clk 0:07:33]} 22. Re1
{[%clk 0:05:42]} Be6 {[%clk 0:06:55]} 23. Bd4 {[%clk 0:05:02]} Rfe8
{[%clk 0:06:39]} 24. Bf1 {[%clk 0:04:31]} Ra8 {[%clk 0:06:07]} 25. Be5
{[%clk 0:04:23]} Qb6 {[%clk 0:06:07]} 26. Bd4 {[%clk 0:03:53]} Qd6
{[%clk 0:06:16]} 27. Be5 {[%clk 0:03:25]} Qf8 {[%clk 0:04:30]} 28. Bxf6
{[%clk 0:03:21]} gxf6 {[%clk 0:04:36]} 29. Qd4 {[%clk 0:03:25]} Kg7
{[%clk 0:03:38]} 30. Rc6 {[%clk 0:03:26]} a5 {[%clk 0:03:46]} 31. bxa5
{[%clk 0:02:52]} Rxa5 {[%clk 0:03:49]} 32. a4 {[%clk 0:03:00]} Rea8
{[%clk 0:03:15]} 33. Bb5 {[%clk 0:02:58]} Rc8 {[%clk 0:02:45]} 34. Rxc8
{[%clk 0:02:07]} Qxc8 {[%clk 0:02:50]} 35. h4 {[%clk 0:01:24]} Qc7
{[%clk 0:02:24]} 36. Qd2 {[%clk 0:01:07]} Ra8 {[%clk 0:02:22]} 37. Rc1
{[%clk 0:01:16]} Qe5 {[%clk 0:02:21]} 38. Re1 {[%clk 0:01:18]} Qc7
{[%clk 0:02:30]} 39. Rc1 {[%clk 0:01:20]} Qe5 {[%clk 0:02:39]} 40. Re1
{[%clk 0:01:01]} Qc7 {[%clk 0:02:34]} 41. Ra1 {[%clk 0:00:55]} Qe5
{[%clk 0:02:36]} 42. Re1 {[%clk 0:00:40]} 1/2-1/2

[Event "Rapid 2018"]
[Site "Saint-Petersburg"]
[Date "2018.12.28"]
[Round "15"]
[Board "54"]
[White "Nihal Sarin (IND)"]
[Black "Smirin Ilia (ISR)"]
[Result "0-1"]
[LiveChessVersion "1.4.8"]
[BlackElo "2601"]
[WhiteElo "2173"]

1. e4 {[%clk 0:15:17]} g6 {[%clk 0:13:27]} 2. d4 {[%clk 0:15:12]} Bg7
{[%clk 0:13:36]} 3. Nc3 {[%clk 0:15:21]} d6 {[%clk 0:13:45]} 4. Be3
{[%clk 0:15:28]} a6 {[%clk 0:13:47]} 5. Nf3 {[%clk 0:15:27]} Nf6 {[%clk 0:13:48]}
6. h3 {[%clk 0:15:31]} O-O {[%clk 0:13:30]} 7. a4 {[%clk 0:15:30]} d5
{[%clk 0:13:13]} 8. e5 {[%clk 0:15:00]} Ne4 {[%clk 0:13:21]} 9. Nxe4
{[%clk 0:15:08]} dxe4 {[%clk 0:13:30]} 10. Nd2 {[%clk 0:14:29]} c5
{[%clk 0:13:10]} 11. dxc5 {[%clk 0:13:31]} Bxe5 {[%clk 0:12:45]} 12. c3
{[%clk 0:12:57]} f5 {[%clk 0:11:41]} 13. Qb3+ {[%clk 0:12:18]} Kg7
{[%clk 0:09:49]} 14. Nc4 {[%clk 0:10:58]} Be6 {[%clk 0:09:58]} 15. Qxb7
{[%clk 0:06:44]} Bd5 {[%clk 0:10:02]} 16. Qb3 {[%clk 0:06:49]} f4
{[%clk 0:09:15]} 17. Bd4 {[%clk 0:06:49]} Nc6 {[%clk 0:06:57]} 18. Rd1
{[%clk 0:04:21]} Nxd4 19. cxd4 {[%clk 0:04:30]} Bc7 {[%clk 0:05:06]} 20. Qc2
{[%clk 0:03:44]} e3 {[%clk 0:04:55]} 21. f3 {[%clk 0:02:39]} e5 {[%clk 0:03:20]}
22. h4 {[%clk 0:02:47]} e4 {[%clk 0:03:28]} 23. fxe4 {[%clk 0:01:58]} f3
{[%clk 0:03:36]} 24. Nxe3 {[%clk 0:01:30]} Bg3+ {[%clk 0:02:41]} 25. Kd2
{[%clk 0:01:38]} fxg2 {[%clk 0:02:49]} 26. Nxg2 {[%clk 0:00:56]} Rf2+ 27. Be2
Rxg2 {[%clk 0:02:58]} 28. Kc1 {[%clk 0:01:06]} Qe7 {[%clk 0:02:43]} 29. exd5
{[%clk 0:00:15]} Rxe2 {[%clk 0:02:50]} 30. Qc3 {[%clk 0:00:22]} Bf4+
{[%clk 0:02:36]} 31. Kb1 {[%clk 0:00:31]} Rb8 {[%clk 0:02:44]} 32. d6
{[%clk 0:00:21]} Qb7 {[%clk 0:02:42]} 33. Ka1 {[%clk 0:00:14]} Qxb2+
{[%clk 0:02:31]} 34. Qxb2 {[%clk 0:00:23]} Rbxb2 {[%clk 0:02:40]} 0-1

[Event "Rapid 2018"]
[Site "Saint-Petersburg"]
[Date "2018.12.28"]
[Round "15"]
[Board "55"]
[White "Potapov Pavel (RUS)"]
[Black "Bosiocic Marin (CRO)"]
[Result "1/2-1/2"]
[LiveChessVersion "1.4.8"]
[BlackElo "2584"]
[WhiteElo "2541"]

1. e4 {[%clk 0:15:19]} e5 {[%clk 0:15:20]} 2. Nf3 {[%clk 0:15:26]} Nc6
{[%clk 0:15:29]} 3. Nc3 {[%clk 0:15:34]} Nf6 {[%clk 0:15:37]} 4. d4
{[%clk 0:15:41]} exd4 {[%clk 0:15:46]} 5. Nxd4 {[%clk 0:15:49]} Bb4
{[%clk 0:15:54]} 6. Nxc6 {[%clk 0:15:54]} bxc6 {[%clk 0:16:02]} 7. Bd3
{[%clk 0:16:00]} O-O {[%clk 0:16:09]} 8. O-O {[%clk 0:16:07]} Re8
{[%clk 0:16:18]} 9. Qf3 {[%clk 0:15:56]} Rb8 {[%clk 0:15:41]} 10. Bg5
{[%clk 0:15:45]} Bd6 {[%clk 0:15:35]} 11. Rab1 {[%clk 0:15:16]} Be5
{[%clk 0:15:35]} 12. Bf4 {[%clk 0:15:05]} Qe7 {[%clk 0:15:22]} 13. Bxe5
{[%clk 0:14:58]} Qxe5 {[%clk 0:15:31]} 14. Qg3 {[%clk 0:14:49]} Qxg3
{[%clk 0:15:19]} 15. hxg3 {[%clk 0:14:56]} d5 {[%clk 0:15:21]} 16. exd5
{[%clk 0:14:54]} cxd5 {[%clk 0:15:29]} 17. b3 {[%clk 0:15:01]} Bd7
{[%clk 0:15:19]} 18. Rfe1 {[%clk 0:14:55]} Re6 {[%clk 0:15:16]} 19. f3
{[%clk 0:14:40]} h5 {[%clk 0:15:22]} 20. Kf2 {[%clk 0:14:43]} c5 {[%clk 0:15:07]}
21. Ne2 {[%clk 0:11:17]} Reb6 {[%clk 0:14:43]} 22. c3 {[%clk 0:10:51]} a5
{[%clk 0:14:26]} 23. Bc2 {[%clk 0:10:44]} Kf8 {[%clk 0:13:51]} 24. Nf4
{[%clk 0:10:42]} c4 {[%clk 0:11:44]} 25. Rbd1 {[%clk 0:09:08]} cxb3
{[%clk 0:11:20]} 26. axb3 {[%clk 0:09:16]} a4 {[%clk 0:11:25]} 27. bxa4
{[%clk 0:08:55]} Rb2 {[%clk 0:11:15]} 28. Re2 {[%clk 0:08:56]} Rxc2
{[%clk 0:10:42]} 29. Rxc2 {[%clk 0:09:02]} Bxa4 {[%clk 0:10:50]} 30. Rcd2
{[%clk 0:09:05]} Bxd1 {[%clk 0:10:49]} 31. Rxd1 {[%clk 0:09:14]} Rb5
{[%clk 0:11:01]} 32. Ke3 {[%clk 0:08:31]} g6 {[%clk 0:08:22]} 33. Rd2
{[%clk 0:08:17]} Kg7 {[%clk 0:07:48]} 34. Kd4 {[%clk 0:07:46]} g5
{[%clk 0:07:56]} 35. Nd3 {[%clk 0:07:26]} Rb8 {[%clk 0:07:26]} 36. Rb2
{[%clk 0:07:10]} Rc8 {[%clk 0:07:10]} 37. Ne5 {[%clk 0:07:16]} Rc7
{[%clk 0:07:19]} 38. Rb6 {[%clk 0:06:54]} Ng8 {[%clk 0:06:38]} 39. Nc6
{[%clk 0:04:45]} Rd7 {[%clk 0:05:11]} 40. Ne5 {[%clk 0:04:20]} Rc7
{[%clk 0:05:19]} 41. Nc6 {[%clk 0:04:21]} Rd7 {[%clk 0:05:28]} 42. Ne5
{[%clk 0:03:59]} Rc7 {[%clk 0:05:37]} 1/2-1/2

[Event "Rapid 2018"]
[Site "Saint-Petersburg"]
[Date "2018.12.28"]
[Round "15"]
[Board "56"]
[White "Tukhaev Adam (UKR)"]
[Black "Van Foreest Jorden (NED)"]
[Result "1-0"]
[LiveChessVersion "1.4.8"]
[BlackElo "2401"]
[WhiteElo "2556"]

1. e4 {[%clk 0:15:17]} c5 {[%clk 0:15:12]} 2. Nf3 {[%clk 0:15:24]} d6
{[%clk 0:15:20]} 3. d4 {[%clk 0:15:30]} cxd4 {[%clk 0:15:28]} 4. Nxd4
{[%clk 0:15:37]} Nf6 {[%clk 0:15:35]} 5. Nc3 {[%clk 0:15:45]} a6 {[%clk 0:15:44]}
6. h3 {[%clk 0:15:38]} g6 {[%clk 0:15:47]} 7. g4 {[%clk 0:15:08]} Nc6
{[%clk 0:15:54]} 8. Be3 {[%clk 0:13:54]} Nxd4 {[%clk 0:16:00]} 9. Bxd4
{[%clk 0:13:52]} Bh6 {[%clk 0:16:07]} 10. Qe2 {[%clk 0:12:07]} O-O
{[%clk 0:15:59]} 11. Bg2 {[%clk 0:12:15]} e5 {[%clk 0:15:47]} 12. Be3
{[%clk 0:12:23]} Bxe3 {[%clk 0:15:54]} 13. Qxe3 {[%clk 0:09:29]} b5
{[%clk 0:16:02]} 14. O-O {[%clk 0:08:58]} Be6 {[%clk 0:15:51]} 15. a3
{[%clk 0:08:33]} Qc7 {[%clk 0:15:32]} 16. Rad1 {[%clk 0:08:33]} Nd7
{[%clk 0:12:57]} 17. Qd2 {[%clk 0:04:35]} Nb6 {[%clk 0:13:04]} 18. Qxd6
{[%clk 0:04:44]} Qxd6 {[%clk 0:13:07]} 19. Rxd6 {[%clk 0:04:52]} Nc4
{[%clk 0:13:15]} 20. Rc6 {[%clk 0:05:00]} Nxb2 {[%clk 0:12:45]} 21. Rb1
{[%clk 0:05:09]} Nc4 {[%clk 0:12:17]} 22. a4 {[%clk 0:05:18]} Na3
{[%clk 0:11:20]} 23. Rb2 {[%clk 0:05:26]} Nc4 {[%clk 0:09:55]} 24. Rb4
{[%clk 0:04:27]} bxa4 {[%clk 0:08:38]} 25. Nd5 {[%clk 0:03:07]} Na3
{[%clk 0:07:55]} 26. Rxa4 {[%clk 0:03:01]} Nb5 {[%clk 0:08:03]} 27. c4
{[%clk 0:02:33]} Nd4 {[%clk 0:08:00]} 28. Rcxa6 {[%clk 0:02:41]} Rab8
{[%clk 0:08:06]} 29. Rb6 {[%clk 0:02:39]} Kg7 {[%clk 0:06:53]} 30. c5
{[%clk 0:02:44]} Rbc8 {[%clk 0:07:01]} 31. Rc4 {[%clk 0:02:40]} Bd7
{[%clk 0:07:03]} 32. Kh2 {[%clk 0:02:22]} Ra8 {[%clk 0:05:57]} 33. c6
{[%clk 0:02:21]} Nxc6 {[%clk 0:05:52]} 34. Rbxc6 {[%clk 0:02:27]} Bxc6
{[%clk 0:06:01]} 35. Rxc6 {[%clk 0:02:36]} Rfc8 {[%clk 0:06:09]} 36. Rxc8
{[%clk 0:02:39]} Rxc8 {[%clk 0:06:18]} 37. g5 {[%clk 0:02:32]} h6
{[%clk 0:06:24]} 38. h4 {[%clk 0:02:27]} hxg5 {[%clk 0:06:20]} 39. hxg5
{[%clk 0:02:35]} Rh8+ {[%clk 0:06:28]} 40. Kg3 {[%clk 0:02:44]} Rh5
{[%clk 0:06:37]} 41. Kg4 {[%clk 0:02:53]} Rh2 {[%clk 0:06:46]} 42. Ne3
{[%clk 0:03:02]} Kf8 {[%clk 0:06:55]} 43. Kg3 {[%clk 0:03:05]} Rh5
{[%clk 0:07:04]} 44. Kg4 {[%clk 0:03:14]} Rh2 {[%clk 0:07:13]} 45. f3
{[%clk 0:03:23]} Ke7 {[%clk 0:07:08]} 46. Kg3 {[%clk 0:03:31]} Rh5
{[%clk 0:07:17]} 47. Kg4 {[%clk 0:03:40]} Rh2 {[%clk 0:07:23]} 48. Bf1
{[%clk 0:03:48]} Rh1 {[%clk 0:07:32]} 49. Kg3 {[%clk 0:03:31]} Rh5
{[%clk 0:07:38]} 50. Nd5+ {[%clk 0:03:15]} Kd6 {[%clk 0:07:47]} 51. Kg4
{[%clk 0:03:22]} Rh1 {[%clk 0:07:55]} 52. Bg2 {[%clk 0:03:30]} Rh2
{[%clk 0:08:01]} 53. Ne3 {[%clk 0:03:37]} Ke7 {[%clk 0:08:06]} 54. Bh3
{[%clk 0:03:40]} Rh1 {[%clk 0:08:14]} 55. Nc4 {[%clk 0:03:33]} f6
{[%clk 0:04:30]} 56. gxf6+ {[%clk 0:03:40]} Kxf6 {[%clk 0:04:38]} 57. Ne3
{[%clk 0:03:34]} Rb1 {[%clk 0:03:17]} 58. Nd5+ {[%clk 0:03:39]} Kg7
{[%clk 0:03:20]} 59. Kg5 {[%clk 0:03:39]} Rc1 {[%clk 0:03:11]} 60. Bg4
{[%clk 0:03:44]} Rc6 {[%clk 0:03:11]} 61. Bh3 {[%clk 0:03:07]} Kf7
{[%clk 0:02:11]} 62. Ne3 {[%clk 0:03:13]} Rc1 {[%clk 0:01:32]} 63. Bf1
{[%clk 0:02:14]} Kg7 {[%clk 0:01:28]} 64. Bg2 {[%clk 0:02:03]} Re1
{[%clk 0:00:59]} 65. Ng4 {[%clk 0:02:10]} Rg1 {[%clk 0:01:07]} 66. Bh3
{[%clk 0:02:14]} Rg3 {[%clk 0:01:07]} 67. Bf1 {[%clk 0:02:07]} Rxf3
{[%clk 0:01:16]} 68. Bc4 {[%clk 0:02:16]} Rg3 {[%clk 0:00:19]} 69. Kh4
{[%clk 0:02:09]} Rg1 {[%clk 0:00:17]} 70. Nxe5 {[%clk 0:02:14]} Rh1+
{[%clk 0:00:14]} 71. Kg4 {[%clk 0:02:17]} Kf6 {[%clk 0:00:05]} 72. Nf3
{[%clk 0:02:26]} Rh5 {[%clk 0:00:15]} 73. Kf4 {[%clk 0:02:28]} Ke7
{[%clk 0:00:13]} 74. e5 {[%clk 0:02:10]} Rh1 {[%clk 0:00:22]} 75. Bd3
{[%clk 0:01:58]} Kf7 {[%clk 0:00:27]} 76. Ng5+ {[%clk 0:01:26]} Kg7
{[%clk 0:00:36]} 77. Ne4 {[%clk 0:01:35]} Rd1 {[%clk 0:00:24]} 78. Bc4
{[%clk 0:01:33]} Rc1 {[%clk 0:00:32]} 79. Be2 {[%clk 0:01:34]} Re1
{[%clk 0:00:38]} 80. Bg4 {[%clk 0:01:32]} Kf7 {[%clk 0:00:43]} 81. Ng5+
{[%clk 0:01:01]} Ke7 {[%clk 0:00:52]} 82. Nf3 {[%clk 0:01:10]} Ra1
{[%clk 0:00:34]} 83. Ke4 {[%clk 0:00:46]} Rd1 {[%clk 0:00:13]} 84. Nd4
{[%clk 0:00:53]} Rg1 {[%clk 0:00:18]} 85. Nc6+ {[%clk 0:00:56]} Kf7
{[%clk 0:00:27]} 86. Bc8 {[%clk 0:00:37]} Rd1 {[%clk 0:00:24]} 87. Nd4
{[%clk 0:00:43]} Rc1 {[%clk 0:00:29]} 88. Be6+ {[%clk 0:00:45]} Ke7
{[%clk 0:00:35]} 89. Kd5 {[%clk 0:00:53]} Rd1 {[%clk 0:00:28]} 90. Bg4
{[%clk 0:01:02]} Rd2 {[%clk 0:00:37]} 91. Kc5 {[%clk 0:00:50]} Rd3
{[%clk 0:00:42]} 92. Nc6+ {[%clk 0:00:33]} Kf7 {[%clk 0:00:51]} 93. Be2
{[%clk 0:00:42]} Re3 {[%clk 0:00:26]} 94. Bc4+ {[%clk 0:00:50]} Kg7
{[%clk 0:00:31]} 95. Kd6 {[%clk 0:00:49]} g5 {[%clk 0:00:39]} 96. e6
{[%clk 0:00:29]} Kf6 {[%clk 0:00:46]} 97. Nb4 {[%clk 0:00:26]} Re1
{[%clk 0:00:19]} 98. Nd5+ {[%clk 0:00:33]} Kg7 {[%clk 0:00:16]} 99. e7
{[%clk 0:00:38]} g4 {[%clk 0:00:18]} 100. Nc7 {[%clk 0:00:20]} g3
{[%clk 0:00:27]} 101. e8=Q {[%clk 0:00:17]} Rxe8 {[%clk 0:00:35]} 102. Nxe8+
{[%clk 0:00:26]} Kf8 {[%clk 0:00:45]} 103. Nc7 {[%clk 0:00:25]} g2
{[%clk 0:00:53]} 104. Ne6+ {[%clk 0:00:34]} Ke8 {[%clk 0:00:58]} 105. Bb5+
{[%clk 0:00:38]} Kf7 {[%clk 0:01:08]} 106. Ng5+ {[%clk 0:00:47]} Kf6
{[%clk 0:01:13]} 107. Nf3 {[%clk 0:00:47]} Kf5 {[%clk 0:01:23]} 108. Nh4+
{[%clk 0:00:57]} 1-0

[Event "Rapid 2018"]
[Site "Saint-Petersburg"]
[Date "2018.12.28"]
[Round "15"]
[Board "57"]
[White "Tregubov Pavel V. (RUS)"]
[Black "Maghsoodloo Parham (IRI)"]
[Result "1-0"]
[LiveChessVersion "1.4.8"]
[BlackElo "2463"]
[WhiteElo "2553"]

1. d4 {[%clk 0:15:19]} g6 {[%clk 0:15:19]} 2. c4 {[%clk 0:15:24]} Bg7
{[%clk 0:15:28]} 3. Nf3 {[%clk 0:15:33]} e6 {[%clk 0:15:37]} 4. g3
{[%clk 0:15:41]} Ne7 {[%clk 0:15:46]} 5. Bg2 {[%clk 0:15:50]} O-O
{[%clk 0:15:49]} 6. O-O {[%clk 0:15:58]} d5 {[%clk 0:15:58]} 7. Bf4
{[%clk 0:13:24]} Nbc6 {[%clk 0:15:34]} 8. Na3 {[%clk 0:12:04]} a6
{[%clk 0:15:37]} 9. Rc1 {[%clk 0:11:42]} h6 {[%clk 0:15:40]} 10. h4
{[%clk 0:11:40]} dxc4 {[%clk 0:15:14]} 11. Nxc4 {[%clk 0:11:46]} Nd5
{[%clk 0:15:20]} 12. Bd2 {[%clk 0:11:43]} Nde7 {[%clk 0:14:37]} 13. e3
{[%clk 0:11:45]} Nf5 {[%clk 0:14:25]} 14. Qe2 {[%clk 0:11:33]} Qe7
{[%clk 0:14:09]} 15. Nfe5 {[%clk 0:10:47]} Nxe5 {[%clk 0:13:33]} 16. Nxe5
{[%clk 0:10:56]} c6 {[%clk 0:13:37]} 17. Ba5 {[%clk 0:09:21]} Kh7
{[%clk 0:13:31]} 18. Rfd1 {[%clk 0:09:24]} Bd7 {[%clk 0:12:35]} 19. Qe1
{[%clk 0:08:22]} Rg8 {[%clk 0:12:33]} 20. Bb6 {[%clk 0:08:11]} Be8
{[%clk 0:12:31]} 21. Qa5 {[%clk 0:07:28]} g5 {[%clk 0:10:50]} 22. Bc5
{[%clk 0:06:44]} Qf6 {[%clk 0:09:50]} 23. h5 {[%clk 0:05:52]} Qd8
{[%clk 0:09:28]} 24. Qxd8 {[%clk 0:05:23]} Rxd8 {[%clk 0:09:36]} 25. Nc4
{[%clk 0:05:16]} Bf8 {[%clk 0:08:44]} 26. Bb6 {[%clk 0:04:54]} Rc8
{[%clk 0:08:14]} 27. e4 {[%clk 0:04:18]} Ng7 {[%clk 0:08:18]} 28. g4
{[%clk 0:04:19]} f5 {[%clk 0:08:27]} 29. f3 {[%clk 0:04:09]} Be7 {[%clk 0:08:35]}
30. Bc5 {[%clk 0:03:42]} Rc7 {[%clk 0:08:32]} 31. Bb6 {[%clk 0:03:36]} Rc8
{[%clk 0:08:41]} 32. Ne5 {[%clk 0:03:31]} Rf8 {[%clk 0:08:32]} 33. Re1
{[%clk 0:02:45]} Bb4 {[%clk 0:07:29]} 34. Re2 {[%clk 0:02:40]} Bd6
{[%clk 0:06:36]} 35. Rd1 {[%clk 0:02:04]} fxe4 {[%clk 0:06:21]} 36. Rxe4
{[%clk 0:02:01]} Kg8 {[%clk 0:06:04]} 37. Kf2 {[%clk 0:01:56]} Be7
{[%clk 0:04:56]} 38. Bf1 {[%clk 0:01:52]} Bf7 {[%clk 0:04:34]} 39. Bc4
{[%clk 0:01:50]} c5 {[%clk 0:04:40]} 40. Nxf7 {[%clk 0:01:30]} cxd4
{[%clk 0:04:40]} 41. Nxh6+ {[%clk 0:01:17]} Kh7 {[%clk 0:04:49]} 42. Rdxd4
{[%clk 0:01:04]} Rc6 {[%clk 0:04:17]} 43. Rd7 {[%clk 0:00:54]} Rxb6
{[%clk 0:04:20]} 44. Rxe7 {[%clk 0:01:01]} Kxh6 {[%clk 0:04:15]} 45. b3
{[%clk 0:01:11]} Rb4 {[%clk 0:03:52]} 46. Ke3 {[%clk 0:01:18]} b5
{[%clk 0:03:56]} 47. Bxe6 {[%clk 0:01:19]} Rxe4+ {[%clk 0:04:04]} 48. Kxe4
{[%clk 0:01:17]} Rd8 {[%clk 0:04:07]} 49. Bd7 {[%clk 0:01:15]} Rf8
{[%clk 0:04:11]} 50. Ke3 {[%clk 0:01:07]} Rf6 {[%clk 0:04:18]} 51. Re4
{[%clk 0:00:45]} Rb6 {[%clk 0:04:14]} 52. b4 {[%clk 0:00:52]} Rd6
{[%clk 0:04:14]} 53. Rd4 {[%clk 0:01:00]} Rb6 {[%clk 0:04:19]} 54. Ke4
{[%clk 0:01:00]} Rf6 {[%clk 0:04:27]} 55. a3 {[%clk 0:00:56]} Rf4+
{[%clk 0:04:35]} 56. Ke3 {[%clk 0:01:03]} Rf6 {[%clk 0:04:44]} 57. Rd5
{[%clk 0:01:05]} Rb6 {[%clk 0:04:47]} 58. Rc5 {[%clk 0:01:11]} Rb7
{[%clk 0:04:55]} 59. Rc6+ {[%clk 0:01:11]} Kh7 {[%clk 0:05:04]} 60. Bc8
{[%clk 0:01:18]} Re7+ {[%clk 0:05:10]} 61. Kf2 {[%clk 0:01:24]} Ne8
{[%clk 0:05:17]} 62. Bf5+ {[%clk 0:01:29]} Kh8 {[%clk 0:05:26]} 63. Rh6+
{[%clk 0:01:35]} Kg8 {[%clk 0:05:28]} 64. Rxa6 {[%clk 0:01:43]} Nc7
{[%clk 0:05:30]} 65. Rg6+ {[%clk 0:01:48]} 1-0